000 00487nam a2200193Ia 4500
005 20240823013704.0
008 240823s9999||||xx |||||||||||||| ||und||
020 _a0-07-053044-0
041 _aENGLISH
082 _A621.395 P2
100 _a"Franco,Sergio"
245 0 _aDesign with Operational Amplifier and Analog Integrated Circuits
250 _a3rd
260 _c2002
_bTMH New D
500 _aTRANSFERED
650 _aOp-Amp
_bElectronics
942 _cBK
999 _c167948
_d167948